000 00453nam a2200181Ia 4500
008 131103s9999 xx 000 0 und d
020 _a330252216
040 _aLoreto College
041 _aEnglish
082 _aF/HER
_bLCBED/8110
100 _aHerriot, James
245 _aVets might fly
_cJames Herriot
260 _aLondon
_bPan Books
_c1976
300 _a239 p.
_c 18 cm.
650 _aEnglish Fiction
850 _aLCBED/F/HER
942 _cBK
999 _c32460
_d82939